00261nam a2200109Ia 4500100003100000654001000031245004500041260003000086082001600116300000700132546001200139 aOatey/Michael/ Payne/Carl  aBasic aBasic : Short self instructional course bGalgotiaaNew Delhic1986 a1.6424bOAT a92 aENGLISH